Statistics for Men's Test Cricket Hat-tricks

Click here to take the quiz!

General Stats

  • This quiz has been taken 5 times
  • The average score is 13 of 45

Answer Stats

YearTeamTeam AgainstPlayer% Correct
2000AustraliaWest IndiesGlenn McGrath
100%
2014EnglandSri LankaStuart Broad
100%
2011EnglandIndiaStuart Broad
100%
1988West IndiesAustraliaCourtney Walsh
80%
1999EnglandAustraliaDarren Gough
80%
2001IndiaAustraliaHarbhajan Singh
60%
2004New ZealandBangladeshJames Franklin
60%
2004EnglandWest IndiesMatthew Hoggard
60%
2010AustraliaEnglandPeter Siddle
60%
1999PakistanSri LankaWasim Akram
60%
1999PakistanSri LankaWasim Akram
60%
2000PakistanSri LankaAbdul Razzaq
40%
2003BangladeshPakistanAlok Kapali
40%
2004ZimbabweBangladeshAndy Blignaut
40%
2006IndiaPakistanIrfan Pathan
40%
2019IndiaWest IndiesJasprit Bumrah
40%
1999Sri LankaZimbabweNuwan Zoysa
40%
1994AustraliaEnglandShane Warne
40%
2013BangladeshNew ZealandSohag Gazi
40%
1994AustraliaPakistanDamien Fleming
20%
1995EnglandWest IndiesDominic Cork
20%
2003West IndiesAustraliaJermaine Lawson
20%
1912AustraliaSouth AfricaJimmy Matthews
20%
1912AustraliaSouth AfricaJimmy Matthews
20%
2017EnglandSouth AfricaMoeen Ali
20%
2002PakistanSri LankaMohammad Sami
20%
1976New ZealandPakistanPeter Petherick
20%
2016Sri LankaAustraliaRangana Herath
20%
2008EnglandNew ZealandRyan Sidebottom
20%
1883EnglandAustraliaBilly Bates
0%
1879AustraliaEnglandFred Spofforth
0%
1960South AfricaEnglandGeoff Griffin
0%
1896EnglandSouth AfricaGeorge Lohmann
0%
1904AustraliaEnglandHugh Trumble
0%
1902AustraliaEnglandHugh Trumble
0%
1899EnglandAustraliaJack Hearne
0%
1892EnglandAustraliaJohnny Briggs
0%
1961West IndiesAustraliaLance Gibbs
0%
1958AustraliaSouth AfricaLindsay Kline
0%
1930EnglandNew ZealandMaurice Allom
0%
1988AustraliaWest IndiesMerv Hughes
0%
2020PakistanBangladeshNaseem Shah
0%
1957EnglandWest IndiesPeter Loader
0%
1938EnglandSouth AfricaTom Goddard
0%
1959West IndiesPakistanWes Hall
0%

Score Distribution

Percentile by Number Answered

Percent of People with Each Score

Your Score History

You have not taken this quiz